000 00686nam a2200217Ia 4500
003 GCL
008 140319s9999 xx 000 0 ara d
040 _aGCL /
_cGCL
082 0 4 _a913.09
_bن ج
100 1 _aنقولا زيادة
245 1 0 _aالجغرافية والرحلات عند العرب /
_cنقولا زيادة
260 _a[S.N] :
_bمكتبة المدرسة ودار الكتاب اللبنانى
490 _a
650 0 4 _aالعرب
650 0 4 _aالرحلات
650 0 4 _aالجغرافيا
650 0 4 _aالرحالة العرب
650 0 4 _aالعرب والبحار
650 0 4 _aالعرب والكشوف الجغرافية
942 _2ddc
_cBK
999 _c53393
_d53393